Basavaraj Naikar : (Record no. 15207)

MARC details
000 -LEADER
fixed length control field 01085cam a2200277 a 4500
001 - CONTROL NUMBER
control field ENG-90811
005 - DATE AND TIME OF LATEST TRANSACTION
control field 20080616095959.0
008 - FIXED-LENGTH DATA ELEMENTS--GENERAL INFORMATION
fixed length control field 080828t xxu||||| |||| 00| 0 eng d
010 ## - LIBRARY OF CONGRESS CONTROL NUMBER
LC control number ENG-90811
020 ## - INTERNATIONAL STANDARD BOOK NUMBER
International Standard Book Number 818901255X
Terms of availability 650.00
035 ## - SYSTEM CONTROL NUMBER
System control number EN-74344
037 ## - SOURCE OF ACQUISITION
Source of stock number/acquisition DBAD / PUB
040 ## - CATALOGING SOURCE
Original cataloging agency DPL
Language of cataloging English
082 ## - DEWEY DECIMAL CLASSIFICATION NUMBER
Classification number 880.8
245 ## - TITLE STATEMENT
Title Basavaraj Naikar :
Statement of responsibility, etc edited by Jaydeep Sarangi
Remainder of title trends and techniques /
260 ## - PUBLICATION, DISTRIBUTION, ETC. (IMPRINT)
Place of publication, distribution, etc Delhi :
Name of publisher, distributor, etc GNOSIS
Date of publication, distribution, etc 2008
300 ## - PHYSICAL DESCRIPTION
Extent xiv, 254 p.
Dimensions 22cm (Hb)
500 ## - GENERAL NOTE
General note Includes index
520 ## - SUMMARY, ETC.
Summary, etc Contributed papers presented at a seminar organized by Centre for Central Eurasian Studies, University of Mumbai in February-March 2005.
600 ## - SUBJECT ADDED ENTRY--PERSONAL NAME
Personal name Naikar, Basavaraj
General subdivision Criticism and interpretation
Geographic subdivision India
650 ## - SUBJECT ADDED ENTRY--TOPICAL TERM
Topical term or geographic name as entry element English fiction
General subdivision Criticism and interpretation
700 ## - ADDED ENTRY--PERSONAL NAME
Personal name Sarangi , Jaydeep
942 ## - ADDED ENTRY ELEMENTS (KOHA)
Source of classification or shelving scheme Dewey Decimal Classification
Koha item type English Books
Call number suffix BAS
Classification part 880.8
Holdings
Withdrawn status Lost status Damaged status Not for loan Collection code Home library Current library Date acquired Cost, normal purchase price Total Checkouts Full call number Barcode Date last seen Cost, replacement price Price effective from Koha item type
      Not For Loan Non-fiction D.B.Act.Division D.B.Act.Division 28/08/2008 650.00   880.8 / BAS EN-74344 15/09/2008 650.00 15/09/2008 English Books

© Delhi Public Library
Hit Counter
free hit counter